000
00291nam a2200121Ia 4500
008
190216s9999||||xx |||||||||||||| ||und||
100
_a
Ghosh B N
245
0
_a
Economic Development And Planning
260
_b
National Publications
_c
1977
300
_a
409p
650
_a
Commerce
942
_c
BK
999
_c
4305
_d
4305